Law and poverty (Record no. 1134319)

MARC details
000 -LEADER
fixed length control field 00885nam a2200265Ia 4500
003 - CONTROL NUMBER IDENTIFIER
control field OSt
005 - DATE AND TIME OF LATEST TRANSACTION
control field 20221007064521.0
008 - FIXED-LENGTH DATA ELEMENTS--GENERAL INFORMATION
fixed length control field 221006b |||||||| |||| 00| 0 eng d
037 ## - SOURCE OF ACQUISITION
Terms of availability Textual
040 ## - CATALOGING SOURCE
Original cataloging agency FLL
Transcribing agency FLL
Language of cataloging eng
041 ## - LANGUAGE CODE
Source of code eng
Language code of text/sound track or separate title eng
100 ## - MAIN ENTRY--PERSONAL NAME
Personal name Murphy Arthur W. Au.
9 (RLIN) 685908
245 #0 - TITLE STATEMENT
Title Law and poverty
Remainder of title Cases and materials
260 ## - PUBLICATION, DISTRIBUTION, ETC.
Place of publication, distribution, etc. Delhi
Name of publisher, distributor, etc. Faculty of Law, University of Delhi India
Date of publication, distribution, etc. 1970
650 ## - SUBJECT ADDED ENTRY--TOPICAL TERM
Topical term or geographic name entry element Law and poverty
700 ## - ADDED ENTRY--PERSONAL NAME
Personal name Errabi B. Au.
9 (RLIN) 685909
700 ## - ADDED ENTRY--PERSONAL NAME
Personal name Menon N. R. Madhava Au.
9 (RLIN) 685910
700 ## - ADDED ENTRY--PERSONAL NAME
Personal name Mysore Narasimhaswamy Au.
9 (RLIN) 685911
942 ## - ADDED ENTRY ELEMENTS (KOHA)
Classification part Y1:434:Zy7, L0;2
Koha item type Textual
Source of classification or shelving scheme Colon Classification (CC)
Holdings
Withdrawn status Lost status Source of classification or shelving scheme Damaged status Not for loan Home library Current library Date acquired Total Checkouts Full call number Barcode Date last seen Price effective from Koha item type
    Colon Classification (CC)     Faculty of Law Library Faculty of Law Library 2022-10-07   Y1:434:Zy7 L0;2 LL0299037 2022-10-07 2022-10-07 Textual
Copyright @ Delhi University Library System